• 首页
  • 本馆介绍
  • 公告通知
  • 最新文献
  • 馆藏检索
  • 电子资源
  • 读者导购
  • 参考咨询
  • 我的图书馆
  • 登录
  • 详细信息显示
  • 放入我的书架
  • 预约/预借图书
  • 作者相关作品
  • 分类相关作品
  • 丛书相关作品
  • 出版社相关作品

书目信息

  • 表格格式
  • 工作单格式
  • 卡片格式
题名:
中国涉外商事审判研究
    
 
作者: 郑鄂 主编
分册: 第二辑  
出版信息: 北京   法律出版社  2011.09
页数: 509页
开本: 23cm
丛书名: 中国审判理论研究丛书
单 册:
中图分类: D997.4
科图分类:
主题词: 国际商事仲裁--研究--中国 , 国际商事仲裁
电子资源:
ISBN: 978-7-5118-2335-9
000 00902oam2 2200265 450
001 005441112
005 20130628105224.65
010    @a978-7-5118-2335-9@dCNY69.00
100    @a20111019d2011 em y0chiy0110 ea
101 0  @achi
102    @aCN@b110000
105    @ay z 000yy
106    @ar
200 1  @a中国涉外商事审判研究@9zhong guo she wai shang shi shen pan yan jiu@h第二辑@f郑鄂主编
210    @a北京@c法律出版社@d2011.09
215    @a509页@d23cm
225 1  @a中国审判理论研究丛书@v2
304    @a英文共同题名:Research on foreign-related commercial trial
330    @a本书共收录论文77篇,内容涉及涉外民商事关系的法律适用、公共秩序保留、两岸司法互助与涉台审判、涉外仲裁司法审查等。
606 0  @a国际商事仲裁@x研究@y中国
606 0  @a国际商事仲裁
690    @aD997.4@v4
701  0 @a郑鄂@9zheng e@f(1952~)@4主编
801  0 @aCN@bNLC@c20120116
905    @b546055-59@dD997.4@e103@f5
    
    中国涉外商事审判研究.第二辑/郑鄂主编.-北京:法律出版社,2011.09
    509页;23cm.-(中国审判理论研究丛书;2)
    
    
    ISBN 978-7-5118-2335-9:CNY69.00
    本书共收录论文77篇,内容涉及涉外民商事关系的法律适用、公共秩序保留、两岸司法互助与涉台审判、涉外仲裁司法审查等。
●
相关链接 在E读中查询图书 在五车中查询图书 在当当中查询图书 在豆瓣中查询图书


正题名:中国涉外商事审判研究     索取号:D997.4/103         预约/预借

序号 登录号 条形码 馆藏地/架位号 状态 备注
1 546055   205460552   第一样本阅览室/ [索取号:D997.4/103] 在馆    
2 546056   205460561   第一借阅区/ [索取号:D997.4/103] 在馆    
3 546057   205460570   第一借阅区/ [索取号:D997.4/103] 在馆    
4 546058   205460589   史法系资料室/ [索取号:D997.4/103] 在馆    
5 546059   205460598   第一借阅区/ [索取号:D997.4/103] 在馆    
唐山师范学院图书馆 欢迎您!
大连网信软件有限公司© 版权所有